The Oskar Klein memorial lectures.

Gespeichert in:
Bibliographische Detailangaben
Format: Buch
Veröffentlicht: World Scientific 1991
Tags: Tag hinzufügen
Keine Tags, Fügen Sie den ersten Tag hinzu!
Thư viện lưu trữ: Mạng thư viện Đại học Đà Nẵng
LEADER 00501nam a2200217 a 4500
001 000030143
003 25611
005 20171030145630.0
008 171030s1991
040 |a LTT 
082 0 |a 530.12  |b OS-K 
245 0 0 |a The Oskar Klein memorial lectures. 
260 |b World Scientific  |c 1991 
500 |a VSVN 
OWN |a LTT 
999 |a From the UDN01 
TYP |a Monograph 
TYP |a Printed language 
980 |a Mạng thư viện Đại học Đà Nẵng